书目信息 |
| 题名: |
环境微生物实验技术
|
|
| 作者: | 陈坚 , 刘和 , 李秀芬 编著 | |
| 分册: | ||
| 出版信息: | 北京 化学工业出版社 2008.06 |
|
| 页数: | 223页 | |
| 开本: | 26cm | |
| 丛书名: | 生物实验室系列 | |
| 单 册: | ||
| 中图分类: | X172 | |
| 科图分类: | ||
| 主题词: | 环境生物学--huan jing sheng wu xue--微生物学--实验 | |
| 电子资源: | ||
| ISBN: | 978-7-122-02615-6 | |
| 000 | 01143nam 2200313 450 | |
| 001 | 012009896001 | |
| 005 | 20091015160551.00 | |
| 010 | @a978-7-122-02615-6@dCNY45.00 | |
| 100 | @a20091015d2008 em y0chiy0120 ea | |
| 101 | 0 | @achi |
| 102 | @aCN@b110000 | |
| 105 | @ay a 000yy | |
| 106 | @ar | |
| 200 | 1 | @a环境微生物实验技术@Ahuan jing wei sheng wu shi yan ji shu@d= Protocols of environmental microbiology@f陈坚 ... [等] 编著@Fchen jian...[deng]bian zhu@zeng |
| 210 | @a北京@c化学工业出版社@d2008.06 | |
| 215 | @a223页@d26cm | |
| 225 | 2 | @a生物实验室系列@Asheng wu shi yan shi xi lie |
| 304 | @a题名页题 : 陈坚, 刘和, 李秀芬, 华兆哲编著 | |
| 320 | @a有书目 | |
| 330 | @a本书主要介绍环境生物工程领域内的环境微生物实验技术以及污染物处理和环境生物修复实验技术。 | |
| 410 | 0 | @12001 @a生物实验室系列 |
| 510 | 1 | @aProtocols of environmental microbiology@zeng |
| 606 | 0 | @a环境生物学@Ahuan jing sheng wu xue@x微生物学@x实验 |
| 690 | @aX172@v4 | |
| 701 | 0 | @a陈坚@Achen jian@4编著 |
| 701 | 0 | @a刘和@Aliu he@4编著 |
| 701 | 0 | @a李秀芬@Ali xiu fen@4编著 |
| 801 | 0 | @aCN@bQSSK@c20091015 |
| 905 | @b762850-52@dX172@eC475@f3 | |
| 环境微生物实验技术= Protocols of environmental microbiology/陈坚 ... [等] 编著.-北京:化学工业出版社,2008.06 |
| 223页;26cm.-(生物实验室系列) |
| ISBN 978-7-122-02615-6:CNY45.00 |
| 本书主要介绍环境生物工程领域内的环境微生物实验技术以及污染物处理和环境生物修复实验技术。 |
| ● |
| 相关链接 |
|
|
|
正题名:环境微生物实验技术
索取号:X172/C475
 
预约/预借
| 序号 | 登录号 | 条形码 | 馆藏地/架位号 | 状态 | 备注 |
| 1 | 762850 | 207628502 | 自科库501/501自科库 63排4列3层/ [索取号:X172/C475] | 在馆 | |
| 2 | 762851 | 207628511 | 期刊室512/501自科库 63排4列3层/ [索取号:X172/C475] | 在馆 | |
| 3 | 762852 | 207628520 | 自科库501/501自科库 63排4列3层/ [索取号:X172/C475] | 在馆 |